Normal view
MARC view
Entry Personal Name
001 - CONTROL NUMBER
- control field: 10413
003 - CONTROL NUMBER IDENTIFIER
- control field: dpl
005 - DATE AND TIME OF LATEST TRANSACTION
- control field: 20100810161339.0
008 - FIXED-LENGTH DATA ELEMENTS
- fixed length control field: 100810|||a|||||| | ||| d
040 ## - CATALOGING SOURCE
- Original cataloging agency: dpl
- Transcribing agency: dpl
100 ## - HEADING--PERSONAL NAME
- Personal name: Pomal, Rahul
670 ## - SOURCE DATA FOUND
- Source citation: Work cat.: (dpl): Pomal, Rahul, My book of ambitions :, 2008
670 ## - SOURCE DATA FOUND
- Source citation: Work cat.: (dpl): Pomal, Rahul, My book of ambitions :, 2008
